Soprjažennyje funkcii i trigonometričeskije rjady /
Uložené v:
| Hlavný autor: | |
|---|---|
| Médium: | Kniha |
| Jazyk: | Russian |
| Vydané: |
Tbilisi :
Izdatel´stvo Tbilisskogo universiteta,
1969.
|
| Fyzický popis: |
270 strán. |
| Tagy: |
Pridať tag
Žiadne tagy, Buďte prvý kto otaguje tento záznam!
|
Titul je dostupný aj v ... 

MARC
| LEADER | 00000nam a22000002i 4500 | ||
|---|---|---|---|
| 001 | 000659708 | ||
| 005 | 20210310145126.0 | ||
| 008 | 210111s1969 gs e 000 0 rus d | ||
| 020 | |c Kčs 15,50 |q (viazané) | ||
| 040 | |a SVKKK |b slo |c SVKKK |e rda | ||
| 100 | 1 | |a Žižiašvili, Levan V., |d 1934- |4 aut | |
| 245 | 1 | 0 | |a Soprjažennyje funkcii i trigonometričeskije rjady / |c Levan V. Žižiašvili. |
| 264 | 1 | |a Tbilisi : |b Izdatel´stvo Tbilisskogo universiteta, |c 1969. | |
| 300 | |a 270 strán. | ||
| 336 | |a text |b txt |2 rdacontent | ||
| 337 | |a bez média |b n |2 rdamedia | ||
| 338 | |a zväzok |b nc |2 rdacarrier | ||
| 500 | |a Záznam revízie | ||
| 910 | |a svkkk | ||
| 998 | |a BK | ||
| 090 | |g SCKHL |k Sklad Pribinova 2. posch. |a III.98986 |j 438129 |i 2720775231 |4 Zastaraná |s Vyradená | ||